| 000 | 00478nam a2200181Ia 4500 | ||
|---|---|---|---|
| 005 | 20240913102728.0 | ||
| 008 | 231207s9999 xx 000 0 und d | ||
| 020 | _a9780240808345 | ||
| 040 | _cNCA Library | ||
| 082 |
_a780.267 _bHAN |
||
| 100 | _aHanson, Matt | ||
| 245 | 0 |
_aReinventing music video _cMatt Hanson |
|
| 260 |
_bFocal Press _aBurlington _c2006 |
||
| 300 |
_a176p _bill |
||
| 546 | _aEnglish | ||
| 650 | _aMusic video, Music directors, Multimedia | ||
| 942 | _cMM | ||
| 999 |
_c25617 _d25617 |
||